| 000 | 00502nam a2200181Ia 4500 | ||
|---|---|---|---|
| 001 | 59025 | ||
| 008 | 150829n2014 ii |||gr||||Z||||||465 | ||
| 020 | _a9788121903394 | ||
| 082 | _a515.62 | ||
| 245 | 0 |
_aFinite Differences And Numerical Analysis _cH.C.Saxena _hTextual Documents |
|
| 250 | _aIst ed. | ||
| 260 |
_aAssam _bS.Chand & Company Ltd. _c2014 |
||
| 300 |
_a452pg: _c17cm. |
||
| 653 | _aNumerical Analysis | ||
| 653 | _aDeptt-Statistics | ||
| 700 |
_aSaxena,H.C., _eAuthor. |
||
| 942 |
_2ddc _cBK |
||
| 999 |
_c58911 _d58911 |
||